LEADER 04600nam 2200649 450 001 9910453243203321 005 20200520144314.0 010 $a981-4541-81-8 035 $a(CKB)2550000001160080 035 $a(EBL)1561233 035 $a(OCoLC)863039036 035 $a(SSID)ssj0001166511 035 $a(PQKBManifestationID)11647072 035 $a(PQKBTitleCode)TC0001166511 035 $a(PQKBWorkID)11120561 035 $a(PQKB)10025948 035 $a(MiAaPQ)EBC1561233 035 $a(WSP)00008929 035 $a(PPN)189547170 035 $a(Au-PeEL)EBL1561233 035 $a(CaPaEBR)ebr10801130 035 $a(EXLCZ)992550000001160080 100 $a20131203h20142014 uy| 0 101 0 $aeng 135 $aur|n|---||||| 181 $ctxt 182 $cc 183 $acr 200 10$aProspects of differential geometry and its related fields $eproceedings of the 3rd International Colloquium on Differential Geometry and its Related Fields, Veliko Tarnovo, Bulgaria, 3-7 September 2012 /$feditors, Toshiaki Adachi, Nagoya Institute of Technology, Japan, Hideya Hashimoto, Meijo University, Japan, Milen J. Hristov, St. Cyril and St. Methodius University of Veliko Tarnovo, Bulgaria 210 1$aNew Jersey :$cWorld Scientific,$d[2014] 210 4$d©2014 215 $a1 online resource (243 p.) 300 $aDescription based upon print version of record. 311 $a981-4541-80-X 311 $a1-306-12034-9 320 $aIncludes bibliographical references. 327 $aPreface; Organizing and Scientific Advisory Committees; Presentations; CONTENTS; Geometry of biharmonic maps: L2-rigidity, biharmonic Lagrangian submanifolds of Kahler manifolds, and conformal change of metrics Hajime URAKAWA; 1. Introduction and the generalized Chen's conjecture; 2. L2-rigidity theorem of biharmonic maps; 3. Lagrangian submanifolds of Kahler manifolds; 4. Conformal change of metrics and biharmonic maps; Bibliography; Homogeneous Einstein metrics on generalized flag manifolds with G2-type t-roots Andreas ARVANITOYEORGOS, Ioannis CHRYSIKOS and Yusuke SAKANE; 1. Introduction 327 $a2. Ricci tensor of a compact homogeneous space G/K3. Riemannian submersion; 4. Decomposition associated to generalized flag manifolds; 5. The classification of generalized flag manifolds with G2-type t-roots; 6. Kahler Einstein metrics of a generalized flag manifold; 7. Generalized flag manifolds with two or three isotropy summands; 8. Generalized flag manifolds with G2-type t-roots; 9. Proof of the theorems; Acknowledgments; Bibliography; Applications of the Gaussian integers in coding theory Stefka BOUYUKLIEVA; 1. Introduction; 2. Some properties of the Gaussian integers 327 $a5. Twistor theory for Tod-Kamada metric5.1. Model case; 5.2. Tod-Kamada metric; 5.3. Twistor space of Tod-Kamada metric; 6. Twsitor theory for indefinite self-dual metric on R4; 6.1. Model case; 6.2. Deformation of the twistor correspondence; Bibliography; A dynamical systematic aspect of horocyclic circles in a complex hyperbolic space Toshiaki ADACHI; 1. Introduction; 2. Circles on a complex space form; 3. Sasakian magnetic fields; 4. Extrinsic circular trajectories; 5. Other trajectories for Sasakian magnetic fields; Bibliography 327 $aVolume densities of trajectory-balls and trajectory-spheres for Kahler magnetic fields Pengfei BAI 330 $aThis volume consists of contributions by the main participants of the 3rd International Colloquium on Differential Geometry and its Related Fields (ICDG2012), which was held in Veliko Tarnovo, Bulgaria. Readers will find original papers by specialists and well-organized reports of recent developments in the fields of differential geometry, complex analysis, information geometry, mathematical physics and coding theory. This volume provides significant information that will be useful to researchers and serves as a good guide for young scientists. It is also for those who wish to start investigat 606 $aGeometry, Differential$vCongresses 608 $aElectronic books. 615 0$aGeometry, Differential 676 $a510 676 $a516.36 701 $aAdachi$b Toshiaki$0892877 701 $aHashimoto$b Hideya$0892878 701 $aHristov$b Milen J$0953743 712 12$aInternational Colloquium on Differential Geometry and its Related Fields 801 0$bMiAaPQ 801 1$bMiAaPQ 801 2$bMiAaPQ 906 $aBOOK 912 $a9910453243203321 996 $aProspects of differential geometry and its related fields$92156469 997 $aUNINA LEADER 02303nam 2200481 450 001 9910132263403321 005 20230621135738.0 010 $a9788579830082 (ebook) 035 $a(CKB)3710000000347377 035 $a(SSID)ssj0001669427 035 $a(PQKBManifestationID)16460199 035 $a(PQKBTitleCode)TC0001669427 035 $a(PQKBWorkID)15002985 035 $a(PQKB)10595362 035 $a(WaSeSS)IndRDA00056862 035 $a(oapen)https://directory.doabooks.org/handle/20.500.12854/44349 035 $a(EXLCZ)993710000000347377 100 $a20160829d2009 uy | 101 0 $apor 135 $aur||||||||||| 181 $ctxt 182 $cc 183 $acr 200 10$aCultura gaúcha e separatismo no Rio Grande do Sul$b[electronic resource] /$fCaroline Kraus Luvizotto 210 $cSciELO Books - Editora UNESP$d2009 210 31$aSão Paulo :$cEditora UNESP,$d2009 215 $a1 online resource (93 pages) $cillustrations 300 $aBibliographic Level Mode of Issuance: Monograph 320 $aIncludes bibliographical references. 330 $aEste livro analisa o Movimento Separatista Sulino, muito marcante na década de 90. A reflexão tem como pano de fundo a cultura gaúcha e busca compreender como os aspectos étnicos e o separatismo interagem nesse contexto. Fundamenta o trabalho uma ampla pesquisa de campo composta por questionários e entrevistas, realizada em diversas cidades do Rio Grande do Sul. Para interpretar o ideário separatista a autora também dedica especial atenção aos documentos do próprio movimento. A obra reconstrói alguns aspectos da história do Rio Grande do Sul e da formação de um ideal separatista que constitui uma faceta do processo de globalização e do afloramento e fortalecimento de identidades específicas. 606 $aSocial Conditions$2HILCC 606 $aSociology & Social History$2HILCC 606 $aSocial Sciences$2HILCC 610 $aSOCIAL SCIENCE 615 7$aSocial Conditions 615 7$aSociology & Social History 615 7$aSocial Sciences 700 $aLuvizotto$b Caroline Kraus$0803182 801 0$bPQKB 801 2$bUkMaJRU 912 $a9910132263403321 996 $aCultura gaúcha e separatismo no Rio Grande do Sul$91804452 997 $aUNINA